Statistiques concernant TOTS FIFA23-SERIE A

Cliquez ici pour prendre le quiz!

Statistiques générales

  • Ce quiz a été pris 80 fois
  • Le résultat moyen est 7 sur 15

Statistiques - réponses

INDICEREPONSE% Correct
AT-ROMADYBALA
77%
BU-INTERMARTINEZ
75%
BU-NAPLESOSIMHEN
75%
AG-AC MILANLEAO
74%
MC-JUVENTUSRABIOT
65%
MC-INTERBARELLA
61%
DC-JUVENTUSBREMER
61%
DD-NAPLESDI LORENZO
55%
MC-AC MILANTONALI
54%
DC-NAPLESKIM MIN JAE
45%
AG-NAPLESKVARATSKHELIA
28%
AD-LECCESTREFEZZA
12%
DG-AC MILANHERNADEZ
10%
GK-JUVENTUSSZCZENY
7%
DC-ROMASMAILLING
1%

Distribution des résultats

Percentile par nombre de réponses

% des personnes avec chaque résultat

Votre développement - résultats

Vous n’avez pas pris ce quiz